000 00584nam a2200229Ia 4500
003 GCL
008 140319s9999 xx 000 0 eng d
040 _aGCL /
_cGCL
082 0 4 _a930
_bT L
100 1 _aTSUJIMURA, MOSURO
245 1 0 _aLE LIVER: 5000 ANS D'HISTOIRE /
_cTSUJIMURA, MOSURO
700 1 _aMORITA, HELENE
260 _a[S.N] :
_bCIRCONFLEXE ،
_c1991
300 _a40 P
650 0 4 _aMORITA, HELENE
650 0 4 _aJAPAN - HISTORY
650 0 4 _aANCIENT EGYPT
650 0 4 _aHISTORY
650 0 4 _aANCIENT WORLD
650 0 4 _aTUSJIMURA, MASURO
942 _2ddc
_cBK
999 _c25601
_d25601